[Event "Moscow Open A 2013"]
[Site "Moscow RUS"]
[Date "2013.02.02"]
[Round "1.1"]
[Board "1"]
[White "Ozolin, Maxim"]
[Black "Nepomniachtchi, Ian"]
[Result "0-1"]
[WhiteTitle "IM"]
[BlackTitle "GM"]
[WhiteElo "2386"]
[BlackElo "2703"]
[WhiteFideId "4133340"]
[BlackFideId "4168119"]
[EventDate "2013.02.02"]

1. e4 c5 2. Nf3 d6 3. d4 cxd4 4. Nxd4 Nf6 5. Nc3 a6 6. Bg5 Nbd7 7. Bc4 h6 8. Bh4
g6 9. Qe2 Qc7 10. O-O-O Bg7 11. Nd5 Nxd5 12. exd5 Ne5 13. Bb3 O-O 14. h3 a5 15.
a4 g5 16. Bg3 Bd7 17. h4 g4 18. f4 gxf3 19. gxf3 Kh8 20. Rhg1 Rg8 21. c3 Raf8
22. Bc2 Qc5 23. Bxe5 dxe5 24. Nf5 Bxf5 25. Bxf5 b5 26. Qd2 b4 27. Rg4 e4 28.
Rxg7 Rxg7 29. fxe4 bxc3 30. Qxc3 Qxc3+ 31. bxc3 Rg3 32. Kc2 Kg7 33. Rd4 Kf6 34.
Rc4 e6 35. Rc6 Re8 36. dxe6 fxe6 37. h5 Ke5 38. Bg6 Re7 39. Kb3 Rd7 40. Rc5+ Kd6
41. Rxa5 Rc7 42. Ra6+ Ke7 43. Kb4 Rgxc3 44. Rb6 R3c4+ 45. Kb3 Rd4 46. Rb5 Rdc4
47. Rb6 Rc1 48. e5 R1c5 49. Kb4 Rxe5 50. a5 Re2 51. Kb5 Rb2+ 52. Ka6 Ra2 53. Rb5
Kd6 54. Kb6 Ra4 55. Rb2 Rc6+ 56. Kb5 Rd4 57. Rb4 Rc5+ 58. Ka4 Rxb4+ 59. Kxb4 Re5
60. a6 Kc7 61. Bf7 Kb6 62. Kc4 Kxa6 63. Kd4 Re1 64. Kc5 e5 65. Bg6 Rd1 66. Be4
Ka7 67. Bf3 Rd2 0-1

[Event "Moscow Open A 2013"]
[Site "Moscow RUS"]
[Date "2013.02.02"]
[Round "1.2"]
[Board "2"]
[White "Khismatullin, Denis"]
[Black "Tsydypov, Zhamsaran"]
[Result "0-1"]
[WhiteTitle "GM"]
[BlackTitle "FM"]
[WhiteElo "2655"]
[BlackElo "2384"]
[WhiteFideId "4142578"]
[BlackFideId "4108566"]
[EventDate "2013.02.02"]

1. d4 Nf6 2. c4 e6 3. Nc3 Bb4 4. e3 O-O 5. Bd3 c5 6. Ne2 b6 7. a3 Bxc3+ 8. Nxc3
Bb7 9. d5 d6 10. O-O Nbd7 11. e4 Ne5 12. Be2 Ng6 13. Be3 Qe7 14. f3 a6 15. Qd2
exd5 16. cxd5 b5 17. b4 cxb4 18. axb4 Rac8 19. Bd4 Ne5 20. Rae1 Nfd7 21. Nd1 f5
22. exf5 Qf7 23. Ne3 Nf6 24. Bd1 Rfe8 25. Bc2 Re7 26. Bb3 Rce8 27. Rc1 Qh5 28.
Rc3 Qh6 29. Qf2 a5 30. bxa5 b4 31. Rc6 Nd3 32. Qd2 Nf4 33. Rxd6 Rxe3 34. Bxe3
Rxe3 35. Rd8+ Kf7 36. Qxb4 Ne2+ 37. Kf2 Ne4+ 38. Qxe4 Rxe4 39. d6+ Kf6 40. Rf8+
Kg5 41. fxe4 Qxd6 42. Rf7 Qd4+ 43. Ke1 Qc3+ 44. Kf2 Nf4 45. h4+ Kxh4 46. Rh1+
Kg5 0-1

[Event "Moscow Open A 2013"]
[Site "Moscow RUS"]
[Date "2013.02.02"]
[Round "1.3"]
[Board "3"]
[White "Nozdrachev, Leonid"]
[Black "Mamedov, Rauf"]
[Result "0-1"]
[WhiteTitle "FM"]
[BlackTitle "GM"]
[WhiteElo "2383"]
[BlackElo "2651"]
[WhiteFideId "24113433"]
[BlackFideId "13401653"]
[EventDate "2013.02.02"]

1. e4 c5 2. c3 d6 3. d4 Nf6 4. Bd3 Qc7 5. Nf3 Nbd7 6. O-O g6 7. Qe2 e5 8. dxe5
dxe5 9. c4 Bg7 10. Nc3 O-O 11. b3 Nb8 12. Bg5 Nc6 13. Bxf6 Bxf6 14. Nd5 Qd6 15.
Qe3 Bg7 16. Rad1 f5 17. Rfe1 Bd7 18. a3 Rae8 19. b4 b6 20. Rb1 Nd4 21. Nxd4 exd4
22. Qd2 fxe4 23. Bxe4 b5 24. Qd3 Kh8 25. f3 cxb4 26. Rxb4 bxc4 27. Qxc4 Rc8 28.
Qd3 Be6 29. Rb5 Rc5 30. Rxc5 Qxc5 31. Nb4 a5 32. Na6 Qc8 33. Bb7 Bf5 34. Be4
Bxe4 35. Rxe4 Qc6 36. Re7 Rc8 37. Kf2 Bf6 38. Ra7 Qc1 39. Qe4 Rc2+ 40. Kg3 Qg5+
41. Qg4 Be5+ 42. Kh3 Qxg4+ 43. fxg4 d3 44. Rd7 Rc6 45. Rxd3 Rxa6 46. Rd5 Bf6 47.
g5 Be7 48. a4 Kg7 49. Kg4 Kf7 50. h4 Ke6 51. Rb5 Ra7 52. Kh3 Bd8 53. Rb8 Rd7 54.
g4 Bc7 55. Rc8 Be5 56. Re8+ Kd5 57. Ra8 Ke4 58. Kg2 Rd2+ 59. Kf1 Kf3 0-1

[Event "Moscow Open A 2013"]
[Site "Moscow RUS"]
[Date "2013.02.02"]
[Round "1.8"]
[Board "8"]
[White "Nyzhnyk, Illya"]
[Black "Nyudleev, Dolgan"]
[Result "1-0"]
[WhiteTitle "GM"]
[BlackTitle "IM"]
[WhiteElo "2637"]
[BlackElo "2372"]
[WhiteFideId "14118084"]
[BlackFideId "4198360"]
[EventDate "2013.02.02"]

1. d4 d5 2. c4 c6 3. Nf3 Nf6 4. Nc3 dxc4 5. a4 Na6 6. e4 Bg4 7. Bxc4 Bxf3 8.
gxf3 e6 9. Be3 Qa5 10. Qe2 Nb4 11. O-O Be7 12. Kh1 O-O 13. Rg1 g6 14. Rad1 a6
15. Bg5 Qc7 16. f4 Rfe8 17. Qf3 Nd7 18. f5 Bxg5 19. Rxg5 Nf8 20. fxg6 fxg6 21.
e5 Qf7 22. Qg3 Nd5 23. Ne4 Re7 24. Bxd5 cxd5 25. Nd6 Qg7 26. f4 Rc7 27. f5 exf5
28. Nxf5 Qd7 29. e6 Nxe6 30. Qe5 Ng7 31. Nh6+ Kh8 32. Rf1 Qe7 33. Qxd5 Rf8 34.
Rgg1 Rd7 35. Qg5 Re8 36. Qf4 Nh5 37. Qd2 Qe4+ 38. Rg2 Qe3 39. Rf8+ 1-0

[Event "Moscow Open A 2013"]
[Site "Moscow RUS"]
[Date "2013.02.02"]
[Round "1.9"]
[Board "9"]
[White "Kigel, Dmytro"]
[Black "Kokarev, Dmitry"]
[Result "0-1"]
[WhiteTitle "FM"]
[BlackTitle "GM"]
[WhiteElo "2368"]
[BlackElo "2635"]
[WhiteFideId "14117932"]
[BlackFideId "4132181"]
[EventDate "2013.02.02"]

1. d4 Nf6 2. c4 g6 3. Nc3 Bg7 4. e4 O-O 5. Nf3 c6 6. e5 Ne8 7. Bd3 d6 8. O-O
dxe5 9. dxe5 Bg4 10. Bf4 Nd7 11. Re1 Qa5 12. Qe2 Nc7 13. Bg3 Ne6 14. Qe3 Qc5 15.
Qxc5 Ndxc5 16. Bc2 Bxf3 17. gxf3 Nd4 18. Bd1 Nd3 19. Re4 Rad8 20. Rb1 Bh6 21. f4
Ne6 22. b4 Bxf4 23. Bxf4 Ndxf4 24. Bg4 Rd2 25. b5 Rfd8 26. Bxe6 Nxe6 27. Ra1 0-1

[Event "Moscow Open A 2013"]
[Site "Moscow RUS"]
[Date "2013.02.02"]
[Round "1.10"]
[Board "10"]
[White "Demchenko, Anton"]
[Black "Gorbatov, Alexej"]
[Result "1-0"]
[WhiteTitle "GM"]
[BlackTitle "IM"]
[WhiteElo "2627"]
[BlackElo "2366"]
[WhiteFideId "4160258"]
[BlackFideId "4111834"]
[EventDate "2013.02.02"]

1. e4 e5 2. Nf3 Nc6 3. Bb5 a6 4. Ba4 Nf6 5. O-O Be7 6. Qe2 b5 7. Bb3 O-O 8. c3
d6 9. Rd1 Na5 10. Bc2 c5 11. d3 Qc7 12. Nbd2 Nc6 13. Nf1 h6 14. Ng3 Re8 15. h3
Bf8 16. Nh2 d5 17. Qf3 dxe4 18. dxe4 Re6 19. Nf5 c4 20. Ng4 Nxg4 21. hxg4 Rg6
22. Be3 Bb7 23. g5 hxg5 24. Qh5 Ne7 25. Bxg5 Re8 26. Rd2 Nxf5 27. exf5 Qc6 28.
Qg4 Qc8 29. Qg3 Rd6 30. Rxd6 Bxd6 31. Bf6 1-0

[Event "Moscow Open A 2013"]
[Site "Moscow RUS"]
[Date "2013.02.02"]
[Round "1.12"]
[Board "12"]
[White "Amonatov, Farrukh"]
[Black "Musakaev, Emil"]
[Result "1-0"]
[WhiteTitle "GM"]
[BlackTitle "FM"]
[WhiteElo "2625"]
[BlackElo "2365"]
[WhiteFideId "14700077"]
[BlackFideId "24105449"]
[EventDate "2013.02.02"]

1. e4 e5 2. Nf3 Nc6 3. Bb5 a6 4. Ba4 Nf6 5. O-O b5 6. Bb3 Bc5 7. d3 d6 8. a4 Rb8
9. axb5 axb5 10. c3 O-O 11. h3 h6 12. Nbd2 Bb6 13. Re1 Nh5 14. Nf1 Qf6 15. Be3
Nf4 16. Ng3 g6 17. d4 h5 18. Nf1 Re8 19. Bxf4 Qxf4 20. Qd3 exd4 21. cxd4 Bd7 22.
Rad1 Na5 23. Bd5 Nc4 24. Re2 c5 25. b3 Na5 26. e5 Bf5 27. Qxb5 1-0

[Event "Moscow Open A 2013"]
[Site "Moscow RUS"]
[Date "2013.02.02"]
[Round "1.13"]
[Board "13"]
[White "Krapivin, Vladislav"]
[Black "Guseinov, Gadir"]
[Result "0-1"]
[WhiteTitle "IM"]
[BlackTitle "GM"]
[WhiteElo "2363"]
[BlackElo "2623"]
[WhiteFideId "4126149"]
[BlackFideId "13401378"]
[EventDate "2013.02.02"]

1. e4 c5 2. Nf3 Nc6 3. d4 cxd4 4. Nxd4 Qb6 5. Nb3 Nf6 6. Nc3 e6 7. Be3 Qc7 8. f4
h5 9. e5 Ng4 10. Nb5 Qd8 11. Bg1 b6 12. Be2 Bb7 13. Bf3 g5 14. Qd2 gxf4 15. Qxf4
Ngxe5 16. Bxc6 dxc6 17. Qxe5 cxb5 18. Be3 Qh4+ 19. g3 Qe4 20. Qxe4 Bxe4 21. O-O
h4 22. c3 hxg3 23. hxg3 Rh1+ 24. Kf2 Rh2+ 25. Ke1 Rxb2 26. Bd4 Bd6 27. Nd2 Bxg3+
28. Kd1 Bg6 29. c4 Rc2 30. Rf3 Rd8 31. Rf2 0-1

[Event "Moscow Open A 2013"]
[Site "Moscow RUS"]
[Date "2013.02.02"]
[Round "1.15"]
[Board "15"]
[White "Makhmutov, Rail"]
[Black "Gupta, Abhijeet"]
[Result "0-1"]
[WhiteTitle "FM"]
[BlackTitle "GM"]
[WhiteElo "2358"]
[BlackElo "2612"]
[WhiteFideId "4122151"]
[BlackFideId "5010608"]
[EventDate "2013.02.02"]

1. Nf3 Nf6 2. c4 e6 3. d4 d5 4. Nc3 Bb4 5. e3 O-O 6. Bd3 c5 7. O-O Nc6 8. cxd5
exd5 9. dxc5 Bxc5 10. h3 a6 11. b3 Be6 12. Bb2 Bd6 13. Ne2 Rc8 14. Ned4 Nb4 15.
Be2 Bb8 16. a3 Nc6 17. Rc1 Ne7 18. Qd3 Ne4 19. Rxc8 Bxc8 20. Nd2 Qd6 21. N4f3
Bf5 22. Qd4 Qh6 23. Nxe4 Bxe4 24. Nd2 Nf5 25. Qc3 d4 26. exd4 Bxg2 27. Kxg2 Nh4+
28. Kg1 Qg6+ 29. Bg4 h5 30. Nf3 Nf5 31. Kh1 hxg4 32. Rg1 Qh5 33. Ne5 g3 34. Kg2
Qe2 35. Rf1 Nh4+ 0-1

[Event "Moscow Open A 2013"]
[Site "Moscow RUS"]
[Date "2013.02.03"]
[Round "2.1"]
[White "Nepomniachtchi, Ian"]
[Black "Matinian, Nikita"]
[Result "1/2-1/2"]
[WhiteTitle "GM"]
[BlackTitle "IM"]
[WhiteElo "2703"]
[BlackElo "2460"]
[WhiteFideId "4168119"]
[BlackFideId "24129100"]
[EventDate "2013.02.02"]

1. e4 e5 2. Nf3 Nc6 3. d4 exd4 4. Nxd4 Bc5 5. Nxc6 Qf6 6. Qf3 bxc6 7. Nc3 d6 8.
Qg3 Qg6 9. Bd2 Ne7 10. Bd3 O-O 11. Na4 Bd4 12. c3 Bb6 13. c4 Bd4 14. Ba5 f5 15.
O-O-O Qh6+ 16. Bd2 f4 17. Qf3 Qh4 18. Be2 Ng6 19. Be1 c5 20. Nc3 c6 21. Qh5 Be6
22. Qxh4 Nxh4 23. g3 fxg3 24. hxg3 Nf3 25. Bxf3 Rxf3 26. Ne2 Bxf2 27. Bxf2 Rxf2
28. Nc3 Bxc4 29. Rxd6 Rg2 30. Rxc6 Rxg3 31. Rxc5 Bf7 32. Rh2 h5 33. b4 g5 34.
Ne2 Rg4 35. Nd4 Re8 36. Nf3 Rexe4 37. Nxg5 Rc4+ 38. Rxc4 Rxc4+ 39. Kd1 Bg6 40.
Rb2 h4 41. Ke1 Rg4 42. Nh3 Rg3 43. Nf2 h3 44. Nxh3 Rxh3 45. b5 Kf7 46. Rb4 Rh1+
47. Kd2 Rh2+ 48. Ke3 Rxa2 49. b6 axb6 50. Rxb6 Bf5 51. Kd4 Be6 52. Ke5 Ra5+ 53.
Kd4 Kf6 54. Rb8 Ra4+ 55. Ke3 Ke5 56. Re8 Ra3+ 57. Kd2 Kd5 58. Rd8+ Kc4 59. Ke2
Bd5 60. Kd2 Kd4 61. Rd7 Ra2+ 62. Kd1 Ke4 63. Kc1 Bc4 64. Rd2 Ra3 65. Rd8 Ke3 66.
Kb2 Rb3+ 67. Kc2 Rb6 68. Kc3 Be6 69. Rd3+ Ke4 70. Rd4+ Ke5 71. Rd8 Rb3+ 72. Kc2
Ke4 73. Rd6 Bc4 74. Rd8 Rh3 75. Kd2 Bd5 76. Re8+ Kd4 77. Rd8 Rh2+ 78. Kd1 Kc4
79. Ke1 Be4 80. Rd2 Rh1+ 81. Kf2 Kc3 82. Rd8 Rh3 83. Ke2 Bd3+ 84. Kf2 Kd2 85.
Re8 Rh7 86. Kf3 Rf7+ 87. Kg4 Bf5+ 88. Kg5 Kd3 89. Re5 Be4 90. Ra5 Kd4 91. Kg4
Bd5 92. Kg5 Ke5 93. Rb5 Rg7+ 94. Kh5 Ke4 95. Kh6 Rg3 96. Ra5 Be6 97. Rg5 Rf3 98.
Ra5 Bf5 99. Kg5 Rg3+ 100. Kf6 Rg6+ 1/2-1/2

[Event "Moscow Open A 2013"]
[Site "Moscow RUS"]
[Date "2013.02.03"]
[Round "2.3"]
[White "Potapov, Pavel"]
[Black "Khairullin, Ildar"]
[Result "1/2-1/2"]
[WhiteTitle "IM"]
[BlackTitle "GM"]
[WhiteElo "2444"]
[BlackElo "2650"]
[WhiteFideId "4169786"]
[BlackFideId "4151348"]
[EventDate "2013.02.02"]

1. e4 c5 2. c3 d5 3. exd5 Qxd5 4. d4 Nc6 5. Nf3 Bf5 6. Be3 Nf6 7. Na3 cxd4 8.
Nb5 O-O-O 9. Nbxd4 Ng4 10. Nxf5 Qxf5 11. Qa4 Nxe3 12. fxe3 Qc5 13. Kf2 g6 14.
Bc4 e6 15. Rhe1 Bd6 16. Qb5 Qf5 17. Kg1 Qxb5 18. Bxb5 Ne5 19. Nxe5 Bxe5 20. Rad1
Rxd1 21. Rxd1 Rd8 22. Rxd8+ Kxd8 23. g3 Ke7 24. Kf2 Kd8 25. Kg1 Ke7 26. Kf2 Kd8
27. Kg1 Ke7 28. Kf2 1/2-1/2

[Event "Moscow Open A 2013"]
[Site "Moscow RUS"]
[Date "2013.02.03"]
[Round "2.4"]
[White "Chekhov, Sergei"]
[Black "Najer, Evgeniy"]
[Result "1/2-1/2"]
[WhiteTitle "FM"]
[BlackTitle "GM"]
[WhiteElo "2444"]
[BlackElo "2647"]
[WhiteFideId "4195639"]
[BlackFideId "4118987"]
[EventDate "2013.02.02"]

1. e4 e5 2. Nf3 Nc6 3. d4 exd4 4. Nxd4 Nf6 5. Nxc6 bxc6 6. e5 Qe7 7. Qe2 Nd5 8.
Nd2 g6 9. c4 Ba6 10. Qe4 f5 11. exf6 Nxf6 12. Qxe7+ Bxe7 13. Bd3 Nd5 14. Be4 Nb6
15. b3 d5 16. Bb2 O-O 17. cxd5 cxd5 18. Bf3 Rae8 19. Kd1 Bb4 20. Re1 Rxe1+ 21.
Kxe1 Re8+ 22. Kd1 Bc5 23. a4 Bxf2 24. a5 Bd3 25. Nb1 Re1+ 26. Kd2 Rxb1 27. Kxd3
Rxb2 28. Kc3 Nd7 29. Bxd5+ Kg7 30. Kxb2 Bd4+ 31. Kb1 Bxa1 32. Kxa1 Kf6 33. Bg8
Ne5 34. Kb2 Nc6 35. Kc3 Nxa5 36. Kb4 Nc6+ 37. Kb5 Nb8 38. Bxh7 Kg7 39. Bxg6 Kxg6
40. h4 Kh5 41. g3 Kg4 42. Kc5 Kh5 1/2-1/2

[Event "Moscow Open A 2013"]
[Site "Moscow RUS"]
[Date "2013.02.03"]
[Round "2.6"]
[White "Kokarev, Dmitry"]
[Black "Bajarani, Ulvi"]
[Result "1-0"]
[WhiteTitle "GM"]
[BlackTitle "IM"]
[WhiteElo "2635"]
[BlackElo "2441"]
[WhiteFideId "4132181"]
[BlackFideId "13403028"]
[EventDate "2013.02.02"]

1. g3 g6 2. Bg2 Bg7 3. c4 c5 4. Nc3 Nc6 5. Nf3 d6 6. O-O Bf5 7. a3 Qd7 8. Nd5
Rc8 9. d3 Bh3 10. Bxh3 Qxh3 11. Bd2 Qd7 12. Bc3 Bxc3 13. Nxc3 Nf6 14. b4 O-O 15.
bxc5 dxc5 16. a4 b6 17. Qd2 Nh5 18. Qe3 f6 19. Qe4 e6 20. Rfd1 Rcd8 21. Qh4 f5
22. Nb5 e5 23. Nc3 Nf6 24. a5 bxa5 25. Rdb1 Qg7 26. Nd5 h6 27. Nxf6+ Rxf6 28.
Rb7 Rf7 29. Rxf7 Kxf7 30. Rxa5 e4 31. Qxd8 Nxd8 32. Rxa7+ Kf6 33. Rxg7 Kxg7 34.
dxe4 fxe4 35. Nd2 e3 36. fxe3 Nf7 37. Ne4 Ne5 38. Nxc5 Nxc4 39. e4 Kf6 40. Nd3
Nd2 41. e5+ Kf5 42. Kf2 h5 43. Nf4 h4 44. e6 g5 45. e7 Ne4+ 46. Kf3 Nd6 47. g4+
Ke5 48. Nh3 Kf6 49. Ke3 Ne8 50. Nf2 Kxe7 51. Ne4 Nc7 52. Nxg5 Nd5+ 53. Ke4 Nc3+
54. Kf3 1-0

[Event "Moscow Open A 2013"]
[Site "Moscow RUS"]
[Date "2013.02.03"]
[Round "2.8"]
[White "Ganguly, Surya Shekhar"]
[Black "Narayanan, Srinath"]
[Result "1-0"]
[WhiteTitle "GM"]
[BlackTitle "IM"]
[WhiteElo "2626"]
[BlackElo "2434"]
[WhiteFideId "5002150"]
[BlackFideId "5018420"]
[EventDate "2013.02.02"]

1. e4 c5 2. Nf3 d6 3. d4 cxd4 4. Nxd4 Nf6 5. Nc3 g6 6. Be2 Bg7 7. O-O O-O 8. Bg5
Nc6 9. Nb3 a6 10. Re1 b5 11. Bf1 Bb7 12. a4 b4 13. Nd5 e6 14. Nxf6+ Bxf6 15.
Bxf6 Qxf6 16. Qxd6 Qxb2 17. Nc5 Rad8 18. Qc7 Ba8 19. Nd7 Rfe8 20. Bxa6 Qc3 21.
Rad1 Kg7 22. Bb5 Rxd7 23. Qxd7 Rd8 24. Qc7 e5 25. Bxc6 Rxd1 26. Rxd1 Bxc6 27. a5
Kh6 28. Qd6 1-0

[Event "Moscow Open A 2013"]
[Site "Moscow RUS"]
[Date "2013.02.03"]
[Round "2.9"]
[White "Sharafiev, Azat"]
[Black "Amonatov, Farrukh"]
[Result "1/2-1/2"]
[WhiteTitle "IM"]
[BlackTitle "GM"]
[WhiteElo "2433"]
[BlackElo "2625"]
[WhiteFideId "4186214"]
[BlackFideId "14700077"]
[EventDate "2013.02.02"]

1. d4 Nf6 2. c4 g6 3. Nc3 Bg7 4. e4 O-O 5. Bg5 d6 6. Qd2 c6 7. O-O-O b5 8. cxb5
cxb5 9. Bxb5 Bb7 10. f3 a6 11. Bd3 Nc6 12. Nge2 Rb8 13. h4 Qa5 14. Bh6 Bxh6 15.
Qxh6 Rfc8 16. Kb1 Nb4 17. Ka1 Qb6 18. Na4 Qa5 19. Nac3 Qb6 20. Na4 Qa5 1/2-1/2

[Event "Moscow Open A 2013"]
[Site "Moscow RUS"]
[Date "2013.02.03"]
[Round "2.10"]
[White "Guseinov, Gadir"]
[Black "Seliverstov, Vladimir"]
[Result "1/2-1/2"]
[WhiteTitle "GM"]
[BlackTitle "FM"]
[WhiteElo "2623"]
[BlackElo "2433"]
[WhiteFideId "13401378"]
[BlackFideId "4192036"]
[EventDate "2013.02.02"]

1. e4 c6 2. d4 d5 3. exd5 cxd5 4. c4 Nf6 5. Nc3 g6 6. cxd5 Nxd5 7. Qb3 Nb6 8.
Bb5+ Bd7 9. a4 Nc6 10. Be3 a6 11. Be2 Be6 12. d5 Nxd5 13. Rd1 Na5 14. Bb5+ axb5
15. Qxb5+ Nc6 16. Nxd5 Bxd5 17. Rxd5 Qc8 18. Ne2 Bg7 19. O-O Ra5 20. Qc4 Rxd5
21. Qxd5 O-O 22. Qb5 Rd8 23. h3 Nd4 24. Nxd4 Bxd4 25. Rc1 Qb8 26. Bxd4 Rxd4 27.
a5 Qf4 28. Qc5 Rd2 29. g3 Qf6 30. b4 h5 31. Qe3 Rb2 32. Rc4 Kh7 33. Rf4 Rb1+ 34.
Kh2 Qe6 35. Qxe6 fxe6 36. Rf7+ Kh6 37. Rxe7 Rxb4 38. Rxe6 Rb5 39. Rb6 Rxa5 40.
Rxb7 Ra3 41. h4 Rc3 42. Kg2 Ra3 43. Re7 Rb3 44. Re3 Rb2 45. Kf3 Ra2 46. Re7 Ra3+
47. Kf4 Ra2 48. f3 Ra3 49. Re6 Ra4+ 50. Re4 Ra3 51. Rd4 Rb3 52. Rd6 Ra3 53. Ke4
Ra4+ 54. Ke5 Ra5+ 55. Ke6 Ra3 1/2-1/2

[Event "Moscow Open A 2013"]
[Site "Moscow RUS"]
[Date "2013.02.03"]
[Round "2.12"]
[White "Gupta, Abhijeet"]
[Black "Khruschiov, Alexey"]
[Result "1/2-1/2"]
[WhiteTitle "GM"]
[BlackTitle "GM"]
[WhiteElo "2612"]
[BlackElo "2431"]
[WhiteFideId "5010608"]
[BlackFideId "13900544"]
[EventDate "2013.02.02"]

1. d4 Nf6 2. c4 g6 3. Nc3 Bg7 4. e4 O-O 5. f3 d6 6. Nge2 c5 7. d5 e6 8. Ng3 exd5
9. cxd5 Nh5 10. Nxh5 gxh5 11. Be2 f5 12. O-O a6 13. a4 f4 14. g3 Be5 15. gxf4
Bxf4 16. Bxf4 Rxf4 17. Kh1 Nd7 18. Rg1+ Kh8 19. Qd2 Qf6 20. e5 Nxe5 21. Ne4 Rxe4
22. fxe4 Ng4 23. Raf1 Nf2+ 24. Rxf2 Qxf2 25. Rf1 Qh4 26. Qc3+ Kg8 27. Rg1+ Bg4
28. h3 Kf7 29. Bf1 Re8 30. Bg2 Re5 31. b4 cxb4 32. Qc7+ Re7 33. Rf1+ Kg7 34.
Qxd6 Bxh3 35. Rf4 Bxg2+ 36. Kxg2 Qg5+ 37. Kf3 b3 38. Qd8 b2 39. Qf8+ Kg6 40.
Qg8+ Kh6 41. Qf8+ Kg6 1/2-1/2

[Event "Moscow Open A 2013"]
[Site "Moscow RUS"]
[Date "2013.02.03"]
[Round "2.13"]
[White "Konovalov, Nikolay"]
[Black "Rakhmanov, Aleksandr"]
[Result "1/2-1/2"]
[WhiteTitle "IM"]
[BlackTitle "GM"]
[WhiteElo "2428"]
[BlackElo "2612"]
[WhiteFideId "4170962"]
[BlackFideId "4173708"]
[EventDate "2013.02.02"]

1. d4 Nf6 2. c4 g6 3. g3 c5 4. d5 Bg7 5. Nc3 O-O 6. Bg2 d6 7. Nf3 e6 8. O-O exd5
9. Nxd5 Nxd5 10. Qxd5 Nc6 11. Bf4 Be6 12. Qxd6 Qb6 13. Be3 Qxb2 14. Rab1 Qxa2
15. Qxc5 Na5 16. Nd4 Rfc8 17. Qe7 Re8 18. Qb4 Nxc4 19. Ra1 Qb2 20. Qxb2 Nxb2 21.
Nxe6 Rxe6 22. Bxb7 Rd8 23. Rxa7 h6 24. Ba6 g5 25. Rc1 Nd1 26. Rc8 Rxc8 27. Bxc8
Rd6 28. Ra3 Nxe3 29. Rxe3 Bd4 30. Re8+ Kg7 31. g4 Bf6 32. Bf5 Rd8 33. Rxd8 Bxd8
34. Kg2 Bc7 35. h3 Bd8 36. e3 Bc7 37. Kf3 Kf6 38. Ke4 Ba5 39. f4 Bd2 40. Kf3 Bc1 1/2-1/2

[Event "Moscow Open A 2013"]
[Site "Moscow RUS"]
[Date "2013.02.03"]
[Round "2.14"]
[White "Svetushkin, Dmitry"]
[Black "Yandemirov, Valeri"]
[Result "1-0"]
[WhiteTitle "GM"]
[BlackTitle "GM"]
[WhiteElo "2612"]
[BlackElo "2427"]
[WhiteFideId "13900463"]
[BlackFideId "4102622"]
[EventDate "2013.02.02"]

1. e4 e5 2. Nf3 Nc6 3. Bb5 a6 4. Ba4 d6 5. c3 g6 6. d4 Bd7 7. O-O Bg7 8. d5 Nce7
9. Bxd7+ Qxd7 10. c4 h6 11. Ne1 f5 12. f3 Nf6 13. Nc3 O-O 14. Nd3 c5 15. Qe2 b5
16. b3 b4 17. Na4 Qc7 18. a3 a5 19. Bb2 Nd7 20. Rae1 f4 21. g3 g5 22. gxf4 gxf4
23. Kh1 Kh7 24. Rg1 Rf6 25. axb4 axb4 26. Qg2 Rg6 27. Qh3 Rf8 28. Rxg6 Nxg6 29.
Rg1 Rf6 30. Qg4 Ndf8 31. h4 Rf7 32. h5 Nh8 33. Naxc5 dxc5 34. Nxe5 Re7 35. d6
Qxd6 36. Nf7 1-0

[Event "Moscow Open A 2013"]
[Site "Moscow RUS"]
[Date "2013.02.03"]
[Round "2.15"]
[White "Durarbayli, Vasif"]
[Black "Shukh, Nikolai"]
[Result "1/2-1/2"]
[WhiteTitle "GM"]
[BlackTitle "IM"]
[WhiteElo "2598"]
[BlackElo "2413"]
[WhiteFideId "13402935"]
[BlackFideId "24102580"]
[EventDate "2013.02.02"]

1. e4 e5 2. Nf3 Nc6 3. Bb5 a6 4. Ba4 Nf6 5. O-O Be7 6. d3 b5 7. Bb3 O-O 8. a4 b4
9. Nbd2 d6 10. a5 Be6 11. Bxe6 fxe6 12. Nc4 Qe8 13. c3 Qg6 14. Qa4 Qe8 15. Re1
Nh5 16. Be3 Rxf3 17. gxf3 d5 18. Nd2 d4 19. cxd4 exd4 20. Rec1 dxe3 21. fxe3
Qg6+ 22. Kh1 Ne5 23. Qb3 Bh4 24. d4 Ng3+ 25. hxg3 Bxg3 26. Kg2 Be1+ 27. Kf1 Bxd2
28. dxe5 Rf8 29. Kf2 Qg4 30. Qd1 Bxc1 31. Rxc1 Qxe4 32. Rc5 Qh4+ 33. Kg2 Rf5 34.
f4 Rh5 35. Kf3 Qh3+ 36. Ke4 Qf5+ 37. Kd4 Rh2 38. Rxc7 Qf8 39. Kc4 Rxb2 40. Rc6
Qa8 41. Rxe6 Qc8+ 42. Kd5 b3 43. Rc6 Qd7+ 44. Rd6 Qb7+ 45. Kd4 Qb4+ 46. Kd3 h6
47. Rd4 Qb5+ 48. Ke4 Qc6+ 49. Kd3 Rc2 50. Qb1 Qc3+ 51. Ke4 Rc1 1/2-1/2

[Event "Moscow Open A 2013"]
[Site "Moscow RUS"]
[Date "2013.02.04"]
[Round "3.1"]
[White "Harika, Dronavalli"]
[Black "Mamedov, Rauf"]
[Result "0-1"]
[WhiteTitle "GM"]
[BlackTitle "GM"]
[WhiteElo "2514"]
[BlackElo "2651"]
[WhiteFideId "5015197"]
[BlackFideId "13401653"]
[EventDate "2013.02.02"]

1. d4 Nf6 2. Nf3 g6 3. g3 Bg7 4. c4 c6 5. Bg2 d5 6. Qb3 O-O 7. O-O Qb6 8. Nc3
Rd8 9. c5 Qxb3 10. axb3 Na6 11. Bf4 Nh5 12. Be3 f6 13. h3 e5 14. Ra4 Nc7 15. Rd1
Ne6 16. b4 e4 17. Ne1 f5 18. b5 cxb5 19. Nxb5 Bd7 20. Rb4 a5 21. Rb3 g5 22. g4
fxg4 23. hxg4 Nhf4 24. Bf1 Rab8 25. Nc3 Bc6 26. f3 Nxc5 27. dxc5 d4 28. Bxf4
dxc3 29. Bd6 Ba4 30. Rxc3 Bxd1 31. Rc1 Bb3 32. fxe4 Bxb2 33. Rb1 Bd4+ 34. e3
Bxe3+ 35. Kh1 a4 36. e5 Rbc8 37. Nd3 b6 38. cxb6 Bxb6 39. Bg2 Rc3 40. Be4 Bc7 0-1

[Event "Moscow Open A 2013"]
[Site "Moscow RUS"]
[Date "2013.02.04"]
[Round "3.2"]
[White "Nyzhnyk, Illya"]
[Black "Stupak, Kirill"]
[Result "1-0"]
[WhiteTitle "GM"]
[BlackTitle "GM"]
[WhiteElo "2637"]
[BlackElo "2505"]
[WhiteFideId "14118084"]
[BlackFideId "13503758"]
[EventDate "2013.02.02"]

1. d4 Nf6 2. c4 g6 3. Nf3 Bg7 4. Nc3 O-O 5. g3 c6 6. Bg2 d5 7. cxd5 cxd5 8. Ne5
e6 9. Bg5 h6 10. Be3 Nc6 11. O-O Ne7 12. g4 Nc6 13. h3 Nxe5 14. dxe5 Nd7 15. f4
b6 16. Rc1 a6 17. Bd4 g5 18. e3 Bb7 19. Ne2 gxf4 20. exf4 f6 21. exf6 Bxf6 22.
Qd3 Bxd4+ 23. Nxd4 Rf6 24. b4 Nf8 25. Qe3 Qd6 26. g5 hxg5 27. fxg5 Rxf1+ 28.
Rxf1 Bc8 29. h4 Ra7 30. h5 e5 31. g6 exd4 32. Qe8 Be6 33. h6 Qe7 34. Rxf8+ 1-0